| 000 | 00967nam a2200277 i 4500 | ||
|---|---|---|---|
| 001 | bg | ||
| 100 | 1 | _aBOLKOWSKI, Stanisław | |
| 245 | 1 | 0 |
_aElektrotechnika / _cStanisław Bolkowski. |
| 250 | _aWyd. 12. | ||
| 260 |
_aWarszawa : _bWydawnictwa Szkolne i Pedagogiczne, _c[2003]. |
||
| 300 |
_a366, [1] s. : _bil. ; _c24 cm. |
||
| 490 | 1 |
_aBiblioteka Elektryka ; _v4 |
|
| 504 | _aIndeks. | ||
| 521 | _aDla uczniów kl. I i II techników elektrycznych i elektronicznych wszystkich specjalności. | ||
| 650 | 9 | _aElektrotechnika | |
| 655 | _aPodręczniki dla szkół zawodowych | ||
| 830 | _aBiblioteka Elektryka ; | ||
| 020 | _a8302059811 | ||
| 040 | _cBPK | ||
| 041 | 0 | _apol | |
| 080 | _a621.3(075.3.053.7) | ||
| 920 | _a83-02-05981-1 | ||
| 942 | _cKS | ||
| 008 | s pl f |000 0 pol | ||
| 999 |
_c45853 _d45853 |
||
| 856 |
_uhttp://koha.tu.koszalin.pl/cgi-bin/koha/opac-detail.pl?biblionumber=45853 _yKatalog online BPK |
||